00938 2200301 4500001002100000005001500021035002000036007000300056008004100059020002200100100002800122245011400150300004500264710003100309264003800340336002100378337003000399338002300429082001400452084001600466650002300482040002200505090002200527850001200549504003100561999002200592990002200614INLIS00000000090432620260401110134 a0010-0426000019ta260401s2026 yoia g ind d a978-623-396-438-80 aEvi DaryantiePengarang10aDemam & batuk jangan panik :bpanduan perawatan mandiri di rumah /cEvi Daryanti; penyunting, Rech.Fordesign a81 halaman :bilustrasi, gambar ;c21 cm aRech.FordesignePenyunting31aBantul :bKyta Jaya Mandri,c2026 2rdacontentateks 2rdamediaatanpa perantara 2rdacarrieravolume04223a649.8 a649.8 EVI d 4aPerawatan di rumah aYOPDYOGbinderda aCB-D.11 2026-0203 aYOPDYOG aBibliografi: halaman 80-81 aCB-D.11/2026-0203 aCB-D.11/2026-0203